The philosophy of mind: (Record no. 8878)

MARC details
000 -LEADER
fixed length control field 00704 a2200217 4500
010 ## - LIBRARY OF CONGRESS CONTROL NUMBER
LC control number ENG-88604
020 ## - INTERNATIONAL STANDARD BOOK NUMBER
International Standard Book Number 9788120333154
Terms of availability 495.00
035 ## - SYSTEM CONTROL NUMBER
System control number EN-72137
037 ## - SOURCE OF ACQUISITION
Source of stock number/acquisition DBAD / PUB
082 14 - DEWEY DECIMAL CLASSIFICATION NUMBER
Classification number 128.2
090 ## - LOCALLY ASSIGNED LC-TYPE CALL NUMBER (OCLC); LOCAL CALL NUMBER (OCLC)
-- 9042
-- 9042
245 1# - TITLE STATEMENT
Title The philosophy of mind:
Statement of responsibility, etc edited by Brian Beakley and Peter Ludlow
Remainder of title classical problems/contemporary issues/
250 ## - EDITION STATEMENT
Edition statement 2nd ed
260 ## - PUBLICATION, DISTRIBUTION, ETC. (IMPRINT)
Place of publication, distribution, etc New Delhi
Name of publisher, distributor, etc Prentice-Hall of India
Date of publication, distribution, etc 2007
300 ## - PHYSICAL DESCRIPTION
Extent xviii, 1055p.
Dimensions 25cm (pbk)
500 ## - GENERAL NOTE
General note Includes index.
700 ## - ADDED ENTRY--PERSONAL NAME
Personal name Beakley, Brian
700 ## - ADDED ENTRY--PERSONAL NAME
Personal name Ludlow, Peter
942 ## - ADDED ENTRY ELEMENTS (KOHA)
Institution code [OBSOLETE] dpl
Koha item type English Books
Call number prefix 128.2 / PHI
Holdings
Withdrawn status Lost status Source of classification or shelving scheme Damaged status Not for loan Collection code Home library Current library Source of acquisition Cost, normal purchase price Total Checkouts Full call number Barcode Date last seen Copy number Uniform Resource Identifier Cost, replacement price Price effective from Koha item type
    Dewey Decimal Classification   Not For Loan Non-fiction D.B.Act.Division D.B.Act.Division DBAD/PUB 495.00   128.2 EN-72137 15/09/2008 1 9826 495.00 15/09/2008 English Books

© Delhi Public Library
Hit Counter
free hit counter